A carregar...
Dictionary of botany /
| Autor principal: | |
|---|---|
| Formato: | Printed Book |
| Idioma: | English |
| Publicado em: |
New Delhi :
AnmolPub.,
1992.
|
| LEADER | 00433nam a2200133Ia 4500 | ||
|---|---|---|---|
| 008 | 150624b xxu||||| |||| 00| 0 eng d | ||
| 082 | |a 580.3 | ||
| 100 | |a Arora, Madhu | ||
| 245 | |a Dictionary of botany / |c Madhu Arora | ||
| 260 | |a New Delhi : |b AnmolPub., |c 1992. | ||
| 300 | |a 295 p. | ||
| 942 | |c REF | ||
| 999 | |c 45163 |d 45163 | ||
| 952 | |0 0 |1 0 |2 ddc |4 0 |6 580_300000000000000_ARO_D |7 0 |9 45151 |a UL |b UL |c Ref2 |d 1998-09-01 |l 0 |o 580.3 ARO/D |p 66398 |r 2012-10-27 |y REF | ||